Il segreto /

में बचाया:
ग्रंथसूची विवरण
मुख्य लेखक: Block, Francesca Lia (लेखक)
अन्य लेखक: Tramacere, Andreina
स्वरूप: पुस्तक
भाषा:इतालवी
प्रकाशित: Trieste : EL, [1998]
श्रृंखला:Frontiere ; 32
टैग: टैग जोड़ें
कोई टैग नहीं, इस रिकॉर्ड को टैग करने वाले पहले व्यक्ति बनें!

MARC

LEADER 00000nam a22000007i 4500
001 IT\ICCU\VIA\0067676
003 ItRI
005 20260115231916.0
008 980625s1998 it |||||| ||||| |||||c
020 |a 8847702445 
040 |b ita  |c importazione bologna sebina 
041 7 |a ita  |2 ISO-639-2 
100 1 |a Block, Francesca Lia  |0 IT\ICCU\REAV\095056  |4 aut 
240 1 0 |a Baby Be-Bop.  |3 IT\ICCU\UM1\0146043  |9 Block, Francesca Lia 
245 1 3 |a Il segreto /  |c Francesca Lia Block ; traduzione di Andreina Tramacere. 
260 |a Trieste :  |b EL,  |c [1998] 
300 |a 113 p. ;  |c 20 cm. 
700 1 |a Tramacere, Andreina  |0 IT\ICCU\RAVV\082599 
830 0 |a Frontiere ;  |v 32  |0 IT\ICCU\RAV\0245823 
942 |2 ddc  |c BK  |n 0 
952 |0 0  |1 0  |4 0  |6 R_813_540000000000000_BLO  |7 0  |9 16111  |a BO  |b BO  |d 2026-01-15  |i 7381  |l 0  |o R 813.54 BLO  |p BO7381  |r 2026-01-15 23:19:16  |w 2026-01-15  |x [Sebina 5] [1 v.]  |y BK  |z 1 v. 
999 |c 13850  |d 13850